000 00667nam a2200193Ia 4500
008 151121s9999||||xx |||||||||||||| ||und||
082 _a812/खरे
082 _bHNW-42403
100 _aखरे सुरेश
245 _aमंतरलेली चैत्रवेल
260 _b"जोशी ब्रदर्स बुकसेलर्स & पब्लि।, पुणे"
260 _c--
300 _a83
600 _aखरे सुरेश
630 _aमंतरलेली चैत्रवेल
700 _aखरे सुरेश
730 _aमंतरलेली चैत्रवेल
942 _cBOOK
999 _c1231016
_d1231013